| 000 | 00610nam a2200229Ia 4500 | ||
|---|---|---|---|
| 003 | OSt | ||
| 005 | 20220925222410.0 | ||
| 006 | a|||||r|||| 00| 0 | ||
| 007 | ta | ||
| 008 | 220923b |||||||| |||| 00| 0 eng d | ||
| 037 | _cGeneral Book | ||
| 040 |
_aRTL _cRTL _beng |
||
| 041 |
_2eng _aeng |
||
| 082 | _aX, K9 | ||
| 100 | _aMishan E J | ||
| 245 | 0 | _aTwenty-one popular economic fallacies | |
| 260 |
_aLondon _bPenguin Press _c1969 |
||
| 300 |
_a245p _ccm. |
||
| 700 |
_a Klappholz Kurt _9287676 |
||
| 942 |
_hX, K9 _cGB _2CC |
||
| 999 |
_c576931 _d576931 |
||